Quizzes
Events
Quiz Creation
Community
Videos
Private Events
Remove Ads
Sign In
Join for FREE
Feedback
Dark Mode
Quiz Categories
Sports
Geography
Music
Movies
Television
Just For Fun
Miscellaneous
History
Literature
Language
Science
Gaming
Entertainment
Religion
Holiday
For Kids
Quiz Lab
Recent
Popular Today
Quiz Kudos Today
Editor Picks
Curator Picks
Quizzes by...
Day
Popularity
Type
Ratings
Length
Year
Community
Subscriptions
Recent Discussions
Orange Saloon
Badges
Playlists
Quests
Create
Leaderboards
Showdown
Live 5
Trivia Bingo
Activity
Puzzle Library
Sporcle Events
Private Events
Virtual Trivia
Globe League
Become a Host
Pub Owners
SporcleCon
Opinionation
Our Games
Videos
Blog
Mobile Apps
Partnerships
Remove Ads and Go Orange
Feedback
History
US Presidents
World Leaders
Politics
Nation
Discovery
War
Decade
Year
Century
Biography
Art
History
US Presidents
World Leaders
Politics
Nation
Discovery
War
Decade
Year
Century
Biography
Art
Random Quiz
Search Sporcle
×
Editor Pick
Editor Pick
History
Missing Word
Type in answers that appear in a list
Type in answers that appear in a list
Classic
Best Score? Go Orange.
Nelson Mandela Quotes Stats
Can you provide the missing words in the following Nelson Mandela quotes?
By
Usmcfunkymunky
5m
12 Questions
329 Plays
329 Plays
329 Plays
Comments
Comments
Give Quiz Kudos
Give Quiz Kudos
-
- Ratings
hide this ad
More Info
Replay
Link that replays current quiz
Next Quiz
Link to next quiz in quiz playlist
You Got
0%
They Got
Avg Score
47%
Avg Friend Score
Upgrade to see
Score Distribution
Jump to the score distribution portion of the page
Score
0/12
Timer
05:00
0
Plays Today
Quote
Missing Words (alphabetical)
% Correct
If you talk to a man in a language he understands, that goes to his head. If you talk to him in his own language that goes to his _
_
_
_
_
.
Heart
86.6%
When a man has done what he considers to be his duty to his people and his country, he can rest in _
_
_
_
_
.
Peace
85.1%
To deny people human _
_
_
_
_
_
is to challenge their very humanity.
Rights
65%
It always seems _
_
_
_
_
_
_
_
_
_
until it's done.
Impossible
64.4%
_
_
_
_
_
_
_
is not the absence of fear, but the triumph over it.
Courage
62.9%
It is what difference we have made to the lives of _
_
_
_
_
_
that will determine the significance of the life we lead.
Others
57.6%
I dream of an _
_
_
_
_
_
which is in peace with itself.
Africa
56.8%
Let there be work, _
_
_
_
_
, water and salt for all.
Bread
32.8%
_
_
_
_
_
won't create success, but the freedom to make it will.
Money
27.7%
_
_
_
_
_
_
_
_
_
is the most powerful weapon which you can use to change the world.
Education
22.8%
In countries where innocent people are dying, the leaders are following their _
_
_
_
_
, not their brains.
Blood
12.2%
_
_
_
_
_
_
_
_
_
_
_
_
only works when the people concerned seem to be keen for peace.
Intervention
4%
Quiz Playlist
Details
Report
Send in Message
Add To Playlist
More Info:
Nelson Mandela (1918-2013).
Classic:
Type in answers that appear in a list
Last Updated: Feb 16, 2017
Editor Pick in
History
Quiz Scoreboard
CHALLENGE
Sign Up to Join the Scoreboard
Show All
Scores
Hide
Comments
May contain spoilers
Recently Published
An Introduction to Baseball
by treessimontrees
Sports
5m
Movies - When Are They Set?
by FPL_Elf
Movies
5m
Popular People in 1961
by mucciniale
History
6m
More to Explore
Quiz From the Vault
Featured Blog Post
Where Did the Easter Bunny Come From?
hide this ad
You Might Also Like...
Tags
Missing Word Quiz
Quote Quiz
2013
Nelson Mandela
tribute
Today's Top Quizzes in History
Browse History
hide this ad
Today's Top Quizzes in Missing Word
Browse Missing Word
Top Contributed Quizzes in History
1
Popular People in 1991
2
Popular People in 1981
3
Popular People in 1951
4
Popular People in 1941
5
Popular People in 1986
6
Popular People in 1976
7
Popular People in 1921
8
I Am Born On March 28th
9
Popular People in 1946
10
Popular People in 1936
Explore More
Trending Topics
Harry Potter
Anime
Disney
Crossword
Marvel
NBA
Kpop
Pokémon
The Office
Song
NFL
Soccer
Country
Puzzle
WWE
hide this ad
More By:
Usmcfunkymunky
Quiz
Plays
Rating
Category
Featured
Created
Words of Many Words
71,897
4.22
Language
Feb 15, 2013
'R'-Less Presidents
48,552
4.64
History
Sep 2, 2013
7-Letter Vocabulary (Hard)
48,228
4.56
Language
Jan 24, 2014
7-Letter Vocabulary (Medium)
38,751
4.56
Language
Jan 24, 2014
7-Letter Vocabulary (Easy)
27,941
4.49
Language
Jan 24, 2014
Go to Creator's Profile
Score Distribution
Quiz Creator Spotlight
Usmcfunkymunky
Follow
Send a Message
Quizzes Created
-
Created Quiz Play Count
-
More By This Creator
Popular Quizzes Today
1
Find the Countries of Europe - No Outlines Minefield
2
Find the US States - No Outlines Minefield
3
The Countries of the World
4
Popular People in 1961
5
US States
6
1-10 Letter E Words III
7
Find the US States
8
One Thing in Common: World Cities II
More History Quizzes
20 Centuries, 20 Questions: Ireland
Editor's Pick
Trending Quizzes
Risky Map Clicking: Least Populous States A-Z
1-10 Letter F Words
1-10 Letter G Words
One Thing in Common: United Kingdom
Risky Map Clicking: Next State Alphabetically
Recently Updated
Leaping Animals
pecheneg
Reality TV Shows (A-Z)
bhenderson79
Rickey Henderson's Hall of Fame Teammates
pecheneg
Champions League XIs: Arsenal
pecheneg
Quick Pick: Celebrities in WWE's Hall of Fame
aduchscher
A-Z Keypad Blitz II
pecheneg
Multiple Oscar Actors
pecheneg
Mystery Phrase Blitz: Oscar 'Best Actors'
pecheneg
F. Scott Fitzgerald Novels
LTH
Pick 3 Villains
ddd62291
Trending Topics
Kpop
NBA
Crossword
Marvel
Disney
Harry Potter
Anime
Pokémon
NFL
The Office
WWE
Song
Puzzle
Country
Soccer
Your Account Isn't Verified!
In order to create a playlist on Sporcle, you need to verify the email address you used during registration. Go to your
Sporcle Settings
to finish the process.
Report this User
Report this user for behavior that violates our
Community Guidelines
.
Details:
Send Report
Go to the Sporcle.com Mobile Site →
Comments